| 000 | 00532cam a2200181 a 4500 | ||
|---|---|---|---|
| 001 | 1634713 | ||
| 005 | 20241203132703.0 | ||
| 008 | 960502s1996 nyuab b 001 0 eng | ||
| 020 | _a9780716729532 | ||
| 050 | 0 | 0 |
_aQE6 _b.P48 1996 |
| 082 | 0 | 0 |
_a550.1 _220 |
| 100 | 1 | _aPeters, E. K. | |
| 245 | 1 | 0 |
_aNo stone unturned : _breasoning about rocks and fossils / _cE.K. Peters. |
| 260 |
_aNew York : _bW.H. Freeman and Co., _cc1996. |
||
| 300 |
_ax, 237 p. : _bill., maps ; _c24 cm. |
||
| 650 | 0 |
_aGeology _xPhilosophy. |
|
| 942 |
_2lcc _cBK _n0 |
||
| 999 |
_c1945 _d1945 |
||